Sentencing : theory, law, and practice / (Record no. 311)

MARC details
000 -LEADER
fixed length control field 01294cam a2200361 a 4500
001 - CONTROL NUMBER
control field 13933175
003 - CONTROL NUMBER IDENTIFIER
control field OSt
005 - DATE AND TIME OF LATEST TRANSACTION
control field 20110722145718.0
008 - FIXED-LENGTH DATA ELEMENTS--GENERAL INFORMATION
fixed length control field 050418s1996 enk 001 0 eng d
010 ## - LIBRARY OF CONGRESS CONTROL NUMBER
LC control number 2005274130
015 ## - NATIONAL BIBLIOGRAPHY NUMBER
National bibliography number GB97-6335
020 ## - INTERNATIONAL STANDARD BOOK NUMBER
International Standard Book Number 0406063257
035 ## - SYSTEM CONTROL NUMBER
System control number (OCoLC)ocm34706178
040 ## - CATALOGING SOURCE
Original cataloging agency ESU
Transcribing agency ESU
Modifying agency UKM
-- LUI
-- DLC
042 ## - AUTHENTICATION CODE
Authentication code lccopycat
043 ## - GEOGRAPHIC AREA CODE
Geographic area code e-uk---
050 00 - LIBRARY OF CONGRESS CALL NUMBER
Classification number KD8406
Item number .W339 1996
082 04 - DEWEY DECIMAL CLASSIFICATION NUMBER
Classification number 345.420772 WAL
Edition number 22
100 1# - MAIN ENTRY--PERSONAL NAME
Personal name Walker, Nigel.
9 (RLIN) 932
245 10 - TITLE STATEMENT
Title Sentencing : theory, law, and practice /
Statement of responsibility, etc Nigel Walker and Nicola Padfield. _
250 ## - EDITION STATEMENT
Edition statement 2nd ed. _
260 ## - PUBLICATION, DISTRIBUTION, ETC. (IMPRINT)
Place of publication, distribution, etc London ;
-- Charlottesville :
Name of publisher, distributor, etc Butterworths,
Date of publication, distribution, etc 1996.
300 ## - PHYSICAL DESCRIPTION
Extent lvii, 406 p. ;
Dimensions 24 cm.
504 ## - BIBLIOGRAPHY, ETC. NOTE
Bibliography, etc Includes bibliographical references (p. xxiii-xxxvii) and index.
650 #0 - SUBJECT ADDED ENTRY--TOPICAL TERM
Topical term or geographic name as entry element Sentences (Criminal procedure)
Geographic subdivision Great Britain.
9 (RLIN) 933
650 #0 - SUBJECT ADDED ENTRY--TOPICAL TERM
Topical term or geographic name as entry element Prison sentences
Geographic subdivision Great Britain.
9 (RLIN) 934
650 #0 - SUBJECT ADDED ENTRY--TOPICAL TERM
Topical term or geographic name as entry element Punishment
Geographic subdivision Great Britain.
9 (RLIN) 935
700 1# - ADDED ENTRY--PERSONAL NAME
Personal name Padfield, Nicola.
9 (RLIN) 936
906 ## - LOCAL DATA ELEMENT F, LDF (RLIN)
a 7
b cbc
c copycat
d 2
e ncip
f 20
g y-gencatlg
942 ## - ADDED ENTRY ELEMENTS (KOHA)
Source of classification or shelving scheme Dewey Decimal Classification
Koha item type Books
Holdings
Withdrawn status Lost status Source of classification or shelving scheme Damaged status Not for loan Home library Current library Shelving location Date acquired Total Checkouts Full call number Barcode Date last seen Price effective from Koha item type
    Dewey Decimal Classification     Law Development Centre Main Library Law Development Centre Main Library Text Books and Laws 04/12/2011   345.420772 WAL 2011/2739 04/12/2011 04/12/2011 Books